000 00579nam a22002177i 4500
003 URS
005 20220114152621.0
008 170309b xxu||||| |||| 00| 0 eng d
020 _a0140448063
040 _erda
_cURSP-College Library
_beng
050 0 0 _bSH75 2006
100 1 _aShonagon, Sei
245 _aThe Pillow Book
_cSei Shonagon
264 1 _aLondon
_bPenguin Books
_c2006.
300 _a299pages
_c19cm.
336 _atext
_btxt
_2rdacontent
337 _aunmediated
_bn
_2rdamedia
338 _avolume
_bnc
_2rdacarrier
500 _aIncludes appendix
942 _2lcc
_cFR
999 _c7069
_d7069